Statistics for Movies Described by AI

Click here to take the quiz!

General Stats

  • This quiz has been taken 76 times
  • The average score is 6 of 15

Answer Stats

DescriptionMovie% Correct
An African superhero who fights crime and evil in his country and uses various powers such as speed, strength, agility, and senses. He has also fought other superheroes on Earth.Black Panther
78%
The only thing that made this movie interesting were the special effects. It's not very good at all but it did get people talking about sharks.Jaws
76%
The movie begins with [character 1] and her sister [character 2], both tributes, leaving their home to attend the annual [movie title] in District 12. After winning the games with a volunteer from her district, she goes into hiding with him.The Hunger Games
76%
11 bank robbers team up and plan to rob their own bankOceans 11
73%
The story begins in the year 1885, where [character 1] is a high school student who works at a local diner with his friend [character 2]. When [character 1]'s girlfriend [character 3] is murdered by a gangster, he uses an experimental time machine built by [character 2] to travel back in time and stop her murder from occurring.Back to the Future
54%
The perfect date night, right? Wrong! In this nightmare scenario, a young black man goes out with his white girlfriend's family. They are treated terribly and it turns into an all-out war of racism.Get Out
49%
When an aging actor who has become famous playing a character he can no longer bear to be, must assume the guise of his former self in order to spend time with his children and ex-wife.Mrs. Doubtfire
41%
[character 1] is an arrogant genius who's in love with his assistant [character 2] and whose arrogance leads him to make bad decisions until he ends up getting kidnapped by terrorists, and must then go on a quest to get back home to save everyone.Iron Man
40%
The movie was about an adventure with a group of rebels seeking to take down the evil empire.Star Wars: Episode IV - A New Hope
35%
(1) An evil villain kidnaps children, (2) he is thwarted by three young girls who are adopted by his master and escape with them, (3) they go on an adventure to rescue their kidnapped brothers and sisters.Despicable Me
30%
It's not just about jazz music or dancing, it's also about love and relationships. It's about following your dreams no matter how crazy they are. And if you're lucky enough, you'll find someone who will stick by your side through all of it.La La Land
27%
The movie begins with [character] playing as a young boy in his backyard. He is wearing basketball shorts and shoes, along with a t-shirt that has the number 23 on it.Space Jam
24%
[character 1], who lives in poverty with his mother and sister, dreams of being rich so he can marry [character 2].Aladdin
13%
The movie is about [character] and his adventures with a secret society of pirates who have been cursed by a voodoo queen.Pirates of the Caribbean: The Curse of the Black Pearl
10%
An old woman and her dog are walking down a road when they pass through a field that has an odd, green glow about it. As they continue on their way, [character] becomes more and more curious as to what could be causing this strange light.The Wizard of Oz
5%

Score Distribution

Percentile by Number Answered

Percent of People with Each Score

Your Score History

You have not taken this quiz